[Event "FRA-chT2 Top 12 (Women)"]
[Site "France"]
[Date "2009.05.24"]
[Round "2.2"]
[White "Mollard, Anne"]
[Black "Desarnaud, Manon"]
[Result "1/2-1/2"]
[WhiteElo "1815"]
[BlackElo "1590"]
[PlyCount "123"]
[EventDate "2009.05.23"]
[EventType "team-swiss"]
[EventRounds "3"]
[EventCountry "FRA"]
[SourceTitle "EXT 2010"]
[Source "ChessBase"]
[SourceDate "2010.11.25"]
[SourceVersion "1"]
[SourceVersionDate "2010.11.25"]
[SourceQuality "1"]

1. g3 e5 2. Bg2 d5 3. d3 Nf6 4. Nd2 Be6 5. c3 Nc6 6. b4 Bd6 7. a3 0-0 8. Qc2 Qd7 9. h3 Rfe8 10. e4 Ne7 11. Ngf3 a5 12. Bb2 axb4 13. cxb4 d4 14. Ng5 Ra6 15. Nxe6 Qxe6 16. 0-0 Rea8 17. Qb3 Qxb3 18. Nxb3 Rc6 19. Rfc1 Nd7 20. Rxc6 Nxc6 21. b5 Ne7 22. a4 c6 23. Nd2 Nc5 24. Nc4 Nxd3 25. Bxd4 exd4 26. Nxd6 cxb5 27. Nxb5 Nc6 28. f4 Ndb4 29. e5 d3 30. Bf3 Nc2 31. Rd1 N2b4 32. Nc3 Rc8 33. Nd5 Ra8 34. Nxb4 Nxb4 35. Ra1 Ra7 36. Kf2 b5 37. Bd1 Nd5 38. Rc1 g6 39. Bb3 d2 40. Rc8+ Kg7 41. Rd8 bxa4 42. Bxa4 Rxa4 43. Rxd5 d1Q 44. Rxd1 Ra2+ 45. Ke3 h6 46. h4 Ra4 47. g4 Ra3+ 48. Rd3 Ra1 49. f5 Rh1 50. fxg6 Kxg6 51. Rd6+ Kg7 52. h5 Re1+ 53. Kf4 Rf1+ 54. Kg3 Rg1+ 55. Kf3 Rf1+ 56. Kg2 Re1 57. Rd5 Re2+ 58. Kf3 Re1 59. Rc5 Rf1+ 60. Ke4 Re1+ 61. Kd5 Rd1+ 62. Ke4 1/2-1/2

[Event "Hennebont Grand Prix"]
[Site "Hennebont"]
[Date "2006.08.06"]
[Round "4"]
[White "Mollard, Anne"]
[Black "Josse, Anais"]
[Result "1-0"]
[WhiteElo "1837"]
[BlackElo "1430"]
[PlyCount "73"]
[EventDate "2006.08.05"]
[EventType "swiss"]
[EventRounds "7"]
[EventCountry "FRA"]
[SourceTitle "EXT 2007"]
[Source "ChessBase"]
[SourceDate "2006.11.23"]
[SourceVersion "1"]
[SourceVersionDate "2006.11.23"]
[SourceQuality "1"]

1. e4 e5 2. Nf3 Nc6 3. Bb5 a6 4. Ba4 Nf6 5. d3 d6 6. h3 b5 7. Bb3 Be6 8. Bxe6 fxe6 9. Be3 d5 10. Nbd2 Be7 11. Nh2 0-0 12. 0-0 h6 13. Ndf3 Nh7 14. Ng4 Qd6 15. a3 Nd4 16. Nxd4 exd4 17. Bxd4 c5 18. e5 Qd8 19. Be3 d4 20. Bd2 Ng5 21. f4 Nh7 22. Nf2 Bh4 23. Ne4 c4 24. g3 Be7 25. Kh2 Qe8 26. Qg4 Qf7 27. Rf2 Qf5 28. Raf1 Qxg4 29. hxg4 g6 30. Kg2 cxd3 31. cxd3 Rac8 32. b4 Rc2 33. Bc1 Rc7 34. Bb2 Rd7 35. Rh1 Kg7 36. Kf3 Ng5+ 37. Nxg5 1-0